000 01042cab a2200361 4500
001 ABS60116
008 090401t1999 xxu||||| |||| 00| 0 eng d
035 _a(Sirsi) u91309
041 _aeng
245 _aRegional Survey: Yorkshire
260 _c1999
350 _a0
490 _aProperty Week
_v64(6) 12 February 1999, 43-74(14)
650 _aENGLISH PARTNERSHIPS
650 _aHULL
650 _aINDUSTRIAL MARKET
650 _aINDUSTRIAL RENTS
650 _aLEEDS
650 _aLEISURE MARKET
650 _aPROPERTY-COMMERCIAL PROPERTY-OFFICE PROPERTY-OFFICE PROPERTY MARKET
650 _aOFFICE RENTS
650 _aPLANNING ISSUES
650 _aREGIONAL DEVELOPMENT AGENCIES
650 _aPROPERTY-COMMERCIAL PROPERTY-RETAIL PROPERTY-RETAIL PROPERTY MARKET
650 _aSOUTH YORKSHIRE
650 _aURBAN REGENERATION
650 _aWEST YORKSHIRE
650 _aYORK
650 _aYORKSHIRE
690 _aPROPERTY-COMMERCIAL PROPERTY-COMMERCIAL PROPERTY MARKET
942 _n0
948 _c12/02/1999
999 _c57948
_d57948